000 00682nam a2200229 u 4500
001 000577961
003 AM-YeHGA
005 20250617141048.0
008 080418s1993 yu r 000 0 srp d
020 _a8681277863
040 _aAM-YeHGA
041 0 _asrp
100 1 _aВукашиновић, Верольуб
245 1 0 _aЧежньа за вртом :
_bпесме /
_cВерольуб Вукашиновић.
260 _aЗемун ;
_aБеоград :
_bСфаирос,
_b[Олимпос],
_c1993.
300 _a41 p.
440 0 _aСтихосфера
_v6
500 _aIn Serbian (Cyrillic)
650 1 4 _aSerbian poetry
942 _2udc
_cBK
090 _c233292
999 _c231738
_d231738